| 000 | 00809nam a2200229Ia 4500 | ||
|---|---|---|---|
| 003 | GCL | ||
| 008 | 140319s9999 xx 000 0 ara d | ||
| 040 |
_aGCL / _cGCL |
||
| 082 | 0 | 4 |
_a658.4012 _bي ت |
| 100 | 1 | _aيونس ابراهيم حيدر | |
| 245 | 1 | 0 |
_aالتحليل الاستراتيجى : _bاساليبه ونماذجه وادواته / _cيونس ابراهيم حيدر |
| 250 | _aالاولى | ||
| 260 |
_aسوريا : _bدار الرضا للنشر ، _c2005 |
||
| 300 |
_a291 ص ؛ _c24 سم |
||
| 490 |
_aسلسلة الرضا للمعلومات _v248 |
||
| 650 | 0 | 4 | _aالتخطيط |
| 650 | 0 | 4 | _aالادارة التنفيذية |
| 650 | 0 | 4 | _aالتنمية الادارية |
| 650 | 0 | 4 | _aالادارة - تقييم |
| 650 | 0 | 4 | _aالادارة - تحليل |
| 942 |
_2ddc _cBK |
||
| 999 |
_c9979 _d9979 |
||